Statistiques concernant Littérature commençant par la lettre G

Cliquez ici pour prendre le quiz!

Statistiques générales

  • Ce quiz a été pris 1 173 fois
  • Le résultat moyen est 12 sur 20

Statistiques - réponses

IndicesRéponses% Correct
Il rêve d'attraper les schtroumpfsGargamel
97%
Aujourd'hui, son prestigieux prix est plus connu que luiEdmond de Goncourt
91%
Archange qui annonce la naissance de Jésus à MarieGabriel
90%
Géant qui ne fut pas créé par Rabelais, contrairement à ce que l'on peut croireGargantua
84%
Ancien Président de la République qui écrivit ses Mémoires de guerre en trois tomesCharles de Gaulle
83%
"Mon précieux..."Gollum
80%
Chez Molière, Monsieur Jourdain est bourgeois en plus d'être...Gentilhomme
79%
De son union avec Ouranos naquirent entre autres les Titans, les Titanides et les CyclopesGaïa
74%
Protagoniste de la série Les Légendaires à l'apparence bestialeGryfenfer
74%
Maison de Poudlard qui accueillit entre autres Harry, Ron et HermioneGryffondor
74%
Créateur de PinocchioGeppetto
67%
Méduse est l'une d'entre ellesGorgones
58%
Personnage apparut pour la première fois dans le Journal de Spirou et qui est l'anti-héros par excellenceGaston Lagaffe
54%
Je s'appelle... Euh pardon, il s'appelle...Groot
53%
Il est le seul romancier à avoir obtenu deux fois le prix de ce dernierRomain Gary
46%
Romantique et parnassien notamment auteur du Roman de la momieThéophile Gautier
29%
Prix Nobel de littérature et auteur de L’ImmoralisteAndré Gide
28%
Sculpture de PygmalionGalatée
17%
Auteur de La Sorcière de la rue Mouffetard, il a été le seul à bien vouloir traduire Histoires comme ça de Rudyard KiplingPierre Gripari
13%
Maison d'édition fondée par Bernard _______ et rachetée par Hachette en 1981Grasset
9%

Distribution des résultats

Percentile par nombre de réponses

% des personnes avec chaque résultat

Votre développement - résultats

Vous n’avez pas pris ce quiz